书目信息 |
| 题名: |
中药鉴定学
|
|
| 作者: | 吴啟南 , 朱华 主编 | |
| 分册: | ||
| 出版信息: | 北京 中国医药科技出版社 2020.12 |
|
| 页数: | 362页 | |
| 开本: | 29cm | |
| 丛书名: | ||
| 单 册: | ||
| 中图分类: | R282.5 | |
| 科图分类: | ||
| 主题词: | 中药鉴定学--中医学院--教材 | |
| 电子资源: | ||
| ISBN: | 978-7-5214-0275-9 | |
| 000 | 01327nam0 2200277 45 | |
| 001 | 012001002958 | |
| 005 | 20211020091316.41 | |
| 010 | @a978-7-5214-0275-9@dCNY92.00 | |
| 100 | @a20181029d2018 em y0chiy50 ea | |
| 101 | 0 | @achi |
| 102 | @aCN@b110000 | |
| 105 | @aa z 001yy | |
| 106 | @ar | |
| 200 | 1 | @a中药鉴定学@Azhong yao jian ding xue@b专著@f吴啟南,朱华主编 |
| 205 | @a2版 | |
| 210 | @a北京@c中国医药科技出版社@d2020.12 | |
| 215 | @a362页@c彩图,彩照@d29cm | |
| 300 | @a全国普通高等中医药院校药学类“十三五”规划教材(第二轮规划教材) 供中药学、药学及相关专业用 | |
| 320 | @a有索引(第353-362页) | |
| 330 | @a本书分总论和各论两部分。总论主要内容有中药鉴定学的意义和任务、中药鉴定学的 发展史、影响中药品质的因素、中药的鉴定等。各论分植物药、动物药、矿物药三大类。各类概述中重点介绍同类药材性状、显微鉴别 共性特征。具体药材品种分重点、熟悉、了解三个层次介绍,内容各有侧重。其具体重点药材介绍内容有来源、采收加工、产地、性状 鉴别、显微鉴别、化学成分、理化鉴别、质量评价、性味功效等,并配有原色药材,组织横切面、粉末特征图。全书内容与《中国药典》(2015年版)及《国家执业药师资格考试大纲》的内容有机衔接。 | |
| 606 | 0 | @a中药鉴定学@x中医学院@j教材 |
| 690 | @aR282.5@v5 | |
| 701 | 0 | @a吴啟南@Awu qi nan@4主编 |
| 701 | 0 | @a朱华@Azhu hua@4主编 |
| 801 | 2 | @aCN@bBJSDL@c20211018 |
| 905 | @b1350970-3@dR282.5@e602=2@f4 | |
| 中药鉴定学/吴啟南,朱华主编.-2版.-北京:中国医药科技出版社,2020.12 |
| 362页:彩图,彩照;29cm |
| 全国普通高等中医药院校药学类“十三五”规划教材(第二轮规划教材) 供中药学、药学及相关专业用 |
| ISBN 978-7-5214-0275-9:CNY92.00 |
| 本书分总论和各论两部分。总论主要内容有中药鉴定学的意义和任务、中药鉴定学的 发展史、影响中药品质的因素、中药的鉴定等。各论分植物药、动物药、矿物药三大类。各类概述中重点介绍同类药材性状、显微鉴别 共性特征。具体药材品种分重点、熟悉、了解三个层次介绍,内容各有侧重。其具体重点药材介绍内容有来源、采收加工、产地、性状 鉴别、显微鉴别、化学成分、理化鉴别、质量评价、性味功效等,并配有原色药材,组织横切面、粉末特征图。全书内容与《中国药典》(2015年版)及《国家执业药师资格考试大纲》的内容有机衔接。 |
| ● |
| 相关链接 |
|
|
|
|
正题名:中药鉴定学
索取号:R282.5/602=2
 
预约/预借
| 序号 | 登录号 | 条形码 | 馆藏地/架位号 | 状态 | 备注 |
| 1 | 1350970 | 213509700 | 第二样本阅览室/ [索取号:R282.5/602=2] | 在馆 | |
| 2 | 1350971 | 213509719 | 第三借阅区/ [索取号:R282.5/602=2] | 在馆 | |
| 3 | 1350972 | 213509728 | 第三借阅区/ [索取号:R282.5/602=2] | 在馆 | |
| 4 | 1350973 | 213509737 | 第三借阅区/ [索取号:R282.5/602=2] | 在馆 |